Welcome to CU Library Online Public Access Catalogue (OPAC)

PROJECT MANAGEMENT (Record no. 6397)

MARC details
000 -LEADER
fixed length control field 00461nam a22001697a 4500
005 - DATE AND TIME OF LATEST TRANSACTION
control field 20250610164354.0
008 - FIXED-LENGTH DATA ELEMENTS--GENERAL INFORMATION
fixed length control field 250610b |||||||| |||| 00| 0 eng d
020 ## - INTERNATIONAL STANDARD BOOK NUMBER
International Standard Book Number 0072347864
050 ## - LIBRARY OF CONGRESS CALL NUMBER
Classification number HD69.P75 GRA
100 ## - MAIN ENTRY--PERSONAL NAME
Personal name GRAY CLIFFORD F.
245 ## - TITLE STATEMENT
Title PROJECT MANAGEMENT
Remainder of title THE MANAGERIAL PROCESS
260 ## - PUBLICATION, DISTRIBUTION, ETC.
Place of publication, distribution, etc. BOSTON
Name of publisher, distributor, etc. McGRAW HILL
Date of publication, distribution, etc. 2000
300 ## - PHYSICAL DESCRIPTION
Extent XVI,496p.,ILLUS.,GRAPHS,TABLES
500 ## - GENERAL NOTE
General note GLOSSARY,INDEX
700 ## - ADDED ENTRY--PERSONAL NAME
Personal name LARSON ERIK W.
942 ## - ADDED ENTRY ELEMENTS (KOHA)
Source of classification or shelving scheme Library of Congress Classification
Koha item type Books
Suppress in OPAC No
999 ## -
-- 6397
-- 6397
Holdings
Withdrawn status Lost status Source of classification or shelving scheme Damaged status Not for loan Home library Current library Shelving location Date acquired Total checkouts Full call number Barcode Date last seen Copy number Price effective from Koha item type
    Library of Congress Classification     Graduate Library (Christ Temple) Graduate Library (Christ Temple) General stacks 06/10/2025   HD 69.P75 GRA gsct00001591 06/10/2025 1 06/10/2025 Books
    Library of Congress Classification     Graduate Library (Christ Temple) Graduate Library (Christ Temple) General stacks 06/10/2025   HD 69.P75 GRA gsct00001592 06/10/2025 2 06/10/2025 Books
    Library of Congress Classification     Graduate Library (Christ Temple) Graduate Library (Christ Temple) General stacks 06/10/2025   HD 69.P75 GRA gsct00001593 06/10/2025 3 06/10/2025 Books
    Library of Congress Classification     Graduate Library (Christ Temple) Graduate Library (Christ Temple) General stacks 06/10/2025   HD 69.P75 GRA gsct00001594 06/10/2025 4 06/10/2025 Books
    Library of Congress Classification     Graduate Library (Christ Temple) Graduate Library (Christ Temple) General stacks 06/10/2025   HD 69.P75 GRA gsct00001595 06/10/2025 5 06/10/2025 Books
    Library of Congress Classification     Graduate Library (Christ Temple) Graduate Library (Christ Temple) General stacks 06/10/2025   HD 69.P75 GRA gsct00001596 06/10/2025 6 06/10/2025 Books
© 2023-2024 Copyright: Central University Libraries. All Rights Reserved | Created by: Mahone Tech Office